000 00749nam a2200217Ia 4500
003 OSt
005 20251008105636.0
008 220923b |||||||| |||| 00| 0 eng d
037 _cReference
040 _aRTL
_cRTL
_beng
041 _2eng
_aeng
084 _aU672(J).2, M9/SC
_qRTL
110 _aINDIA, PLANNING COMMISSION.
_9126471
245 0 _aAgro- climatatic zones: Profiles and issues.
260 _aAhmedabad
_bSardar Patel Institute of Economic and Social Research
_c1989
300 _a256 p.
_ccm.
_bIncludes bibliographical references and index.
500 _aARPU Working Paper, No. 2
700 _aINDIA, PLANNING COMMISSION.
_9126472
942 _hU672(J).2, M9/SC
_cREF
_2CC
_n0
999 _c475386
_d475386